000 00334nab a22001097u 4500
008 130520b1989 xxu||||| |||| 00| 0 spa d
041 _aspa
100 1 _aFreyne, Sean
_98088
245 0 0 _aLos primeros cristianos y el ideal atlético griego
_cSean Freyne
773 0 _tConcilium
_gV.2,1989,págs.259-268
_x0210-1041
_wRev134
942 _cAR
999 _c355491
_d355491